| 000 | 01828nam a22004457a 4500 | ||
|---|---|---|---|
| 001 | 12801850 | ||
| 003 | OSt | ||
| 005 | 20210426123954.0 | ||
| 008 | 020604s2003 nyuabf b 001 0beng | ||
| 010 | _a 2002075701 | ||
| 020 | _a0375411437 | ||
| 040 |
_aDLC _cDLC _dDLC _beng |
||
| 041 | _aeng | ||
| 043 | _ae-uk--- | ||
| 050 | 0 | 0 |
_aDA447.P4 _bT66 2002 |
| 080 |
_a92 _bT-72 |
||
| 082 | 0 | 0 |
_a941.06/6/092 _aB _221 |
| 100 | 1 | _aTomalin, Claire. | |
| 245 | 1 | 0 |
_aSamuel Pepys : _bthe unequalled self / _c/ by: Alfred. A. Knopf |
| 250 | _a1st American edition | ||
| 260 |
_aNew York : _bAlfred. A. Knopf _c2003 |
||
| 300 |
_axxxiii, 470 p., [24] p. of plates _bill., maps _c25 cm. |
||
| 365 | _b30 usd | ||
| 504 | _aIncludes bibliographical references (p. [443]-450) and index. | ||
| 600 | 1 | 0 |
_aPepys, Samuel, _d1633-1703. |
| 610 | 1 | 0 |
_aGreat Britain. _bRoyal Navy _xOfficials and employees _vBiography. |
| 650 | 0 |
_aCabinet officers _zGreat Britain _vBiography. |
|
| 650 | 0 |
_aBiography _9237 |
|
| 650 | 0 |
_aEnglish diaries _xHistory and criticism. |
|
| 650 | 0 |
_aDiarists _zGreat Britain _vBiography. |
|
| 651 | 0 |
_aGreat Britain _xHistory _yStuarts, 1603-1714 _vBiography. |
|
| 651 | 0 |
_aGreat Britain _xSocial life and customs _y17th century. |
|
| 653 | _aბიოგრაფია | ||
| 856 | 4 | 2 |
_3Contributor biographical information _uhttp://www.loc.gov/catdir/bios/random054/2002075701.html |
| 856 | 4 | 1 |
_3Sample text _uhttp://www.loc.gov/catdir/samples/random042/2002075701.html |
| 856 | 4 | 2 |
_3Publisher description _uhttp://www.loc.gov/catdir/description/random044/2002075701.html |
| 906 |
_a7 _bcbc _corignew _d1 _eocip _f20 _gy-gencatlg |
||
| 942 |
_2udc _cBK _e1 |
||
| 999 |
_c1121 _d1121 |
||